[Event "SVK-chT2D 2122"]
[Site "Slovakia"]
[Date "2022.05.01"]
[Round "11.4"]
[White "Sedlakova, Ivana"]
[Black "Jusko, Jozef"]
[Result "1/2-1/2"]
[WhiteElo "1964"]
[BlackElo "1861"]
[PlyCount "157"]
[EventDate "2021.10.16"]
[EventType "team-tourn"]
[EventRounds "11"]
[EventCountry "SVK"]
[SourceTitle "EXT 2023"]
[Source "ChessBase"]
[SourceDate "2022.10.05"]
[SourceVersion "1"]
[SourceVersionDate "2022.10.05"]
[SourceQuality "1"]
[WhiteTeam "Presov Slavia PU"]
[BlackTeam "Kosice Slavia TU IV"]
[WhiteTeamCountry "SVK"]
[BlackTeamCountry "SVK"]

1. d4 Nf6 2. c4 e6 3. Nf3 d5 4. Nc3 Nbd7 5. Bg5 Be7 6. e3 h6 7. Bh4 a6 8. cxd5 exd5 9. Bd3 c6 10. Qc2 Nh5 11. Bxe7 Qxe7 12. 0-0 0-0 13. Rab1 Nhf6 14. b4 Ne8 15. a4 Nd6 16. b5 axb5 17. axb5 f5 18. bxc6 bxc6 19. Na4 Ba6 20. Bxa6 Rxa6 21. Nc5 Nxc5 22. Qxc5 Nc8 23. Qc2 Qe4 24. Qe2 Ra3 25. Qb2 Ra8 26. Ne5 Ne7 27. Qc3 f4 28. Rbe1 f3 29. gxf3 Rxf3 30. Qd3 Qxd3 31. Nxd3 Ng6 32. Rc1 Rf6 33. Rc3 Kf8 34. Rfc1 Rc8 35. Rc5 Rd6 36. Ne5 Nxe5 37. dxe5 Rg6+ 38. Kf1 Re8 39. f4 Rd8 40. Rxc6 Rxc6 41. Rxc6 d4 42. Ke2 dxe3 43. Kxe3 Rd1 44. Rc2 g6 45. Ke4 h5 46. Rf2 Ke7 47. f5 Re1+ 48. Kf4 gxf5 49. Kxf5 Rh1 50. Rb2 Rf1+ 51. Kg5 Ke6 52. Kxh5 Kxe5 53. Rg2 Rf5+ 54. Kg6 Rf6+ 55. Kg7 Rf4 56. Rg5+ Ke4 57. Rh5 Kf3 58. Rh8 Rg4+ 59. Kf6 Rf4+ 60. Kg5 Rg4+ 61. Kh5 Rg7 62. h4 Kf4 63. Rf8+ Ke5 64. Kh6 Rg4 65. h5 Ke6 66. Kh7 Ke7 67. Rf3 Ke8 68. Rf6 Rg5 69. h6 Ke7 70. Rg6 Rf5 71. Ra6 Rg5 72. Rg6 Rf5 73. Kh8 Rf8+ 74. Rg8 Rf2 75. h7 Kf7 76. Rb8 Rg2 77. Rg8 Rf2 78. Rg3 Kf8 79. Rb3 1/2-1/2

[Event "SVK-chT2D 2122"]
[Site "Slovakia"]
[Date "2022.03.27"]
[Round "9.4"]
[White "Cisko, Matej"]
[Black "Jusko, Jozef"]
[Result "1-0"]
[WhiteElo "2063"]
[BlackElo "1861"]
[PlyCount "92"]
[EventDate "2021.10.16"]
[EventType "team-tourn"]
[EventRounds "11"]
[EventCountry "SVK"]
[SourceTitle "EXT 2023"]
[Source "ChessBase"]
[SourceDate "2022.10.05"]
[SourceVersion "1"]
[SourceVersionDate "2022.10.05"]
[SourceQuality "1"]
[WhiteTeam "Kezmarok"]
[BlackTeam "Kosice Slavia TU IV"]
[WhiteTeamCountry "SVK"]
[BlackTeamCountry "SVK"]

1. d4 g6 2. c4 d6 3. Nf3 Bg7 4. g3 Nd7 5. Bg2 e5 6. 0-0 Ne7 7. Nc3 0-0 8. e4 h6 9. Be3 Kh7 10. Rc1 a6 11. b4 f5 12. dxe5 dxe5 13. exf5 gxf5 14. Qc2 Qe8 15. Nh4 Nf6 16. Bc5 Nfg8 17. b5 Rf6 18. Rfe1 Ng6 19. Nd5 Nxh4 20. Nxc7 Qh5 21. gxh4 Rg6 22. Nxa8 Qf3 23. Kf1 Qxg2+ 24. Ke2 e4 25. Rcd1 f4 26. Rd8 Bg4+ 27. Kd2 Bf3 28. Kc1 Qxh2 29. Bd4 Nf6 30. Nc7 Rg1 31. Rxg1 Qxg1+ 32. Kb2 Qe1 33. Bc3 Qf1 34. Kb3 Be2 35. Bxf6 Bd3 36. Qc3 Qb1+ 37. Ka3 Bxf6 38. Qxf6 Qc1+ 39. Qb2 Qxc4 40. Qh8+ Kg6 41. Qg8+ Qxg8 42. Rxg8+ Kf5 43. bxa6 bxa6 44. Kb3 e3 45. fxe3 fxe3 46. Kc3 Be2 1-0

[Event "SVK-chT2D 2122"]
[Site "Slovakia"]
[Date "2022.03.26"]
[Round "8.4"]
[White "Jusko, Jozef"]
[Black "Kopcak, Stanislav"]
[Result "0-1"]
[WhiteElo "1861"]
[BlackElo "1915"]
[PlyCount "108"]
[EventDate "2021.10.16"]
[EventType "team-tourn"]
[EventRounds "11"]
[EventCountry "SVK"]
[SourceTitle "EXT 2023"]
[Source "ChessBase"]
[SourceDate "2022.10.05"]
[SourceVersion "1"]
[SourceVersionDate "2022.10.05"]
[SourceQuality "1"]
[WhiteTeam "Kosice Slavia TU IV"]
[BlackTeam "Poprad LS VD"]
[WhiteTeamCountry "SVK"]
[BlackTeamCountry "SVK"]

1. d3 d5 2. g3 c6 3. Bg2 e5 4. e4 d4 5. Ne2 g5 6. f3 Be7 7. Bd2 Be6 8. a4 c5 9. b3 Nc6 10. Na3 h5 11. Nc4 h4 12. Qc1 f6 13. f4 h3 14. Bf1 gxf4 15. gxf4 Bxc4 16. bxc4 a5 17. f5 Bf8 18. Rg1 Nge7 19. Rg3 Qd7 20. Rxh3 Rxh3 21. Bxh3 Nb4 22. Ng3 Nec6 23. Nh5 Qf7 24. Bg4 0-0-0 25. Kd1 Be7 26. h3 Rh8 27. Ng3 Qh7 28. Be1 Bf8 29. Qd2 Bh6 30. Qe2 Bf4 31. Nh5 Qh6 32. Bh4 Bg5 33. Bxg5 Qxg5 34. Qd2 Rxh5 35. Bxh5 Qxh5+ 36. Kc1 Qxh3 37. Kb2 Nb8 38. Rg1 Nd7 39. Rg2 Nb6 40. Rg8+ Kc7 41. Rg7+ Kb8 42. Rg8+ Ka7 43. Qg2 Nxd3+ 44. cxd3 Qxd3 45. Qc2 Nxc4+ 46. Kc1 Qa3+ 47. Kb1 Qb4+ 48. Ka2 Nb6 49. Qb3 Nxa4 50. Qxb4 axb4 51. Kb3 Nc3 52. Kc4 b5+ 53. Kxc5 b3 54. Rg2 b2 0-1

[Event "SVK-chT2D 2122"]
[Site "Slovakia"]
[Date "2022.03.06"]
[Round "7.7"]
[White "Repasky, Karol"]
[Black "Jusko, Jozef"]
[Result "0-1"]
[WhiteElo "1826"]
[BlackElo "1861"]
[PlyCount "116"]
[EventDate "2021.10.16"]
[EventType "team-tourn"]
[EventRounds "11"]
[EventCountry "SVK"]
[SourceTitle "EXT 2023"]
[Source "ChessBase"]
[SourceDate "2022.10.05"]
[SourceVersion "1"]
[SourceVersionDate "2022.10.05"]
[SourceQuality "1"]
[WhiteTeam "Kosice 1 CC"]
[BlackTeam "Kosice Slavia TU IV"]
[WhiteTeamCountry "SVK"]
[BlackTeamCountry "SVK"]

1. c4 g6 2. e4 Bg7 3. d4 d6 4. Be2 e5 5. d5 b6 6. Nf3 Ne7 7. Nc3 0-0 8. 0-0 a5 9. Bd2 Na6 10. Qc1 f5 11. Bh6 f4 12. Bxg7 Kxg7 13. h3 Nc5 14. Qd1 Ng8 15. b3 Nf6 16. Nd2 h5 17. a3 Bd7 18. b4 Na6 19. Rb1 Qc8 20. Kh2 axb4 21. axb4 g5 22. Nf3 Kh6 23. Ng1 g4 24. f3 Rg8 25. Qe1 g3+ 26. Kh1 Nh7 27. Rf2 gxf2 28. Qxf2 Rg3 29. Bf1 Qg8 30. Nge2 Rg6 31. Kh2 Nf6 32. Qh4 Kg7 33. Kg1 Kf7 34. Nd1 Qg7 35. Kh1 Rg8 36. Qf2 h4 37. Ndc3 Nh5 38. Rb2 Ng3+ 39. Nxg3 hxg3 40. Qe2 Qh7 41. c5 Bxh3 42. gxh3 g2+ 43. Bxg2 Rxg2 44. Qxg2 Rxg2 45. Kxg2 bxc5 46. Ra2 Nxb4 47. Ra7 Kf6 48. Nb5 Qh4 49. Nxc7 Qg3+ 50. Kh1 Qxh3+ 51. Kg1 Qg3+ 52. Kh1 Qxf3+ 53. Kh2 Qf2+ 54. Kh1 Kg5 55. Ne6+ Kg4 56. Rg7+ Kf3 57. Ng5+ Ke3 58. Rh7 f3 0-1

[Event "SVK-chT2D 2122"]
[Site "Slovakia"]
[Date "2021.11.14"]
[Round "4.7"]
[White "Fenda, Zdenek"]
[Black "Jusko, Jozef"]
[Result "1/2-1/2"]
[WhiteElo "1861"]
[BlackElo "1873"]
[PlyCount "66"]
[EventDate "2021.10.16"]
[EventType "team-tourn"]
[EventRounds "11"]
[EventCountry "SVK"]
[SourceTitle "EXT 2023"]
[Source "ChessBase"]
[SourceDate "2022.10.05"]
[SourceVersion "1"]
[SourceVersionDate "2022.10.05"]
[SourceQuality "1"]
[WhiteTeam "Margecany"]
[BlackTeam "Kosice Slavia TU IV"]
[WhiteTeamCountry "SVK"]
[BlackTeamCountry "SVK"]

1. e4 e6 2. d4 a6 3. c4 d5 4. exd5 exd5 5. Nf3 Bb4+ 6. Nc3 Nf6 7. a3 Bxc3+ 8. bxc3 c6 9. Be2 Qa5 10. Bb2 Ne4 11. Rc1 0-0 12. 0-0 Bg4 13. c5 Nd7 14. h3 Bh5 15. g4 Bg6 16. Nh4 b6 17. Nxg6 hxg6 18. f3 Ng3 19. Rf2 Nxe2+ 20. Rxe2 bxc5 21. c4 Rfe8 22. cxd5 cxd5 23. dxc5 Rxe2 24. Qxe2 Nxc5 25. Qe5 Ne6 26. Rc6 Kf8 27. Qd6+ Ke8 28. Bc3 Qd8 29. Qe5 Qd7 30. Rd6 Qa7+ 31. Kg2 Rd8 32. Rxd8+ Kxd8 33. Qxd5+ Ke8 1/2-1/2

[Event "SVK-chT2D 2122"]
[Site "Slovakia"]
[Date "2021.10.17"]
[Round "2.5"]
[White "Veselovsky, Jan"]
[Black "Jusko, Jozef"]
[Result "1/2-1/2"]
[WhiteElo "2097"]
[BlackElo "1873"]
[PlyCount "79"]
[EventDate "2021.10.16"]
[EventType "team-tourn"]
[EventRounds "11"]
[EventCountry "SVK"]
[SourceTitle "EXT 2023"]
[Source "ChessBase"]
[SourceDate "2022.10.05"]
[SourceVersion "1"]
[SourceVersionDate "2022.10.05"]
[SourceQuality "1"]
[WhiteTeam "Stropkov/Svidnik"]
[BlackTeam "Kosice Slavia TU IV"]
[WhiteTeamCountry "SVK"]
[BlackTeamCountry "SVK"]

1. e4 e6 2. d4 a6 3. Nf3 b5 4. Bd3 Bb7 5. 0-0 Nf6 6. Qe2 d6 7. Bg5 Be7 8. Nbd2 Nbd7 9. Rfe1 c5 10. c3 h6 11. Bf4 Qc7 12. Rad1 e5 13. dxe5 dxe5 14. Bg3 Nh5 15. Nf1 Nxg3 16. Nxg3 g6 17. Bc2 Rd8 18. Nf1 Nf6 19. c4 b4 20. Ba4+ Kf8 21. Bc2 Kg7 22. h4 Rxd1 23. Rxd1 Rd8 24. Ng3 Rxd1+ 25. Qxd1 Qd6 26. Qc1 Bd8 27. b3 Bc7 28. Qe3 Ng4 29. Qe2 Qf6 30. Qd2 Bc6 31. h5 a5 32. hxg6 fxg6 33. Bd1 Qf4 34. Bc2 Nf6 35. Kf1 Kf7 36. Ke2 g5 37. Qe3 Qxe3+ 38. Kxe3 Ng4+ 39. Ke2 Nf6 40. Ke3 1/2-1/2

[Event "SVK-chT2D 1819"]
[Site "Slovakia"]
[Date "2019.04.06"]
[Round "10.5"]
[White "Korytko, Peter"]
[Black "Jusko, Jozef"]
[Result "1-0"]
[WhiteElo "2051"]
[BlackElo "1860"]
[PlyCount "97"]
[EventDate "2018.10.13"]
[EventType "team-tourn"]
[EventRounds "11"]
[EventCountry "SVK"]
[SourceTitle "EXT 2020"]
[Source "ChessBase"]
[SourceDate "2019.10.17"]
[SourceVersion "1"]
[SourceVersionDate "2019.10.17"]
[SourceQuality "1"]
[WhiteTeam "Margecany"]
[BlackTeam "Kosice Slavia TU IV"]
[WhiteTeamCountry "SVK"]
[BlackTeamCountry "SVK"]

1. e4 c5 2. Nc3 Nc6 3. g3 Nf6 4. Bg2 d6 5. d3 e6 6. f4 Be7 7. Nh3 a6 8. 0-0 Qc7 9. a4 Bd7 10. Kh1 h6 11. Be3 d5 12. Bd2 d4 13. Ne2 g6 14. Nf2 e5 15. c3 g5 16. f5 g4 17. Rc1 Qd6 18. Re1 h5 19. h4 gxh3 20. Bxh3 Ng4 21. Bxg4 hxg4+ 22. Kg2 dxc3 23. bxc3 c4 24. d4 Rg8 25. Rb1 Rb8 26. Be3 Qa3 27. Qd2 f6 28. Ra1 Qd6 29. Red1 Na5 30. Qc2 Nb3 31. Ra2 Qc7 32. d5 Bd6 33. Nc1 Nc5 34. Rh1 Qa5 35. Rh7 Be7 36. Qd2 Bd6 37. Ne2 Bxa4 38. Bxc5 Bxc5 39. Qh6 Be7 40. Nxg4 Rxg4 41. Qh5+ Kd7 42. Qxg4 Re8 43. Qh5 Qb5 44. Rd2 Qc5 45. d6 Qe3 46. Rxe7+ Rxe7 47. dxe7+ Kxe7 48. Qh7+ Ke8 49. Qg8+ 1-0

[Event "SVK-chT2D 1314"]
[Site "Slovakia"]
[Date "2013.11.24"]
[Round "4.6"]
[White "Hagara, Eduard"]
[Black "Jusko, Jozef"]
[Result "1/2-1/2"]
[WhiteElo "1823"]
[BlackElo "1871"]
[PlyCount "43"]
[EventDate "2013.10.19"]
[EventType "team-tourn"]
[EventRounds "11"]
[EventCountry "SVK"]
[SourceTitle "EXT 2015"]
[Source "ChessBase"]
[SourceDate "2014.11.20"]
[SourceVersion "1"]
[SourceVersionDate "2014.11.20"]
[SourceQuality "1"]
[WhiteTeam "Kezmarok II"]
[BlackTeam "Kosice Slavia UPJS III"]
[WhiteTeamCountry "SVK"]
[BlackTeamCountry "SVK"]

1. f4 d5 2. Nf3 g6 3. e3 Bg7 4. d4 Nf6 5. Nbd2 Bf5 6. b3 Nbd7 7. Bb2 c6 8. Bd3 Ne4 9. 0-0 0-0 10. Qe1 Ndf6 11. Ne5 Nxd2 12. Qxd2 Ne4 13. Qe1 Qc8 14. Rc1 Qe6 15. c4 Rac8 16. Qb4 Nd6 17. cxd5 cxd5 18. Qd2 Rxc1 19. Rxc1 Rc8 20. Bxf5 Rxc1+ 21. Qxc1 Qxf5 22. g4 1/2-1/2

[Event "SVK-chT2D 1213"]
[Site "Slovakia"]
[Date "2012.10.14"]
[Round "2.7"]
[White "Jusko, Jozef"]
[Black "Jurov, Pavol"]
[Result "1/2-1/2"]
[WhiteElo "1881"]
[BlackElo "1839"]
[PlyCount "113"]
[EventDate "2012.10.13"]
[EventType "team-tourn"]
[EventRounds "11"]
[EventCountry "SVK"]
[SourceTitle "EXT 2015"]
[Source "ChessBase"]
[SourceDate "2014.11.20"]
[SourceVersion "1"]
[SourceVersionDate "2014.11.20"]
[SourceQuality "1"]
[WhiteTeam "Kosice Slavia UPJS III"]
[BlackTeam "Presov Slavia"]
[WhiteTeamCountry "SVK"]
[BlackTeamCountry "SVK"]

1. e4 e6 2. d4 d5 3. exd5 exd5 4. c4 dxc4 5. Bxc4 Bd6 6. Nf3 Nf6 7. 0-0 0-0 8. Bg5 Nc6 9. Nc3 Be7 10. a3 Nh5 11. Bxe7 Nxe7 12. Ne5 Nf4 13. Nxf7 Rxf7 14. Bxf7+ Kxf7 15. Qf3 Neg6 16. Ne2 Qf6 17. Nxf4 Nxf4 18. Rfe1 Nh3+ 19. Kf1 Qxf3 20. gxf3 Nf4 21. Re3 Nd5 22. Re5 c6 23. Kg2 Bd7 24. Kg3 Re8 25. Rae1 Re6 26. Rxe6 Bxe6 27. f4 Kf6 28. Re5 Ne7 29. Kf3 Nf5 30. Ke4 Nd6+ 31. Kd3 Bf5+ 32. Kc3 Ne4+ 33. Kb4 Nxf2 34. Ra5 a6 35. Kc5 Nd3+ 36. Kb6 Nxb2 37. Kxb7 Bd3 38. Kxc6 Bb5+ 39. Rxb5 axb5 40. d5 Nd3 41. d6 Nxf4 42. Kxb5 Ng6 43. Kc6 Ne5+ 44. Kc7 Ke6 45. a4 Nd7 46. a5 Nc5 47. Kc6 Na6 48. d7 Ke7 49. h4 Kd8 50. Kd6 Nb8 51. Ke6 Nxd7 52. Kf7 g6 53. Kg7 Ke7 54. Kxh7 Kf7 55. a6 Nb6 56. a7 Na8 57. Kh8 1/2-1/2

[Event "SVK-chT2D 1112"]
[Site "Slovakia"]
[Date "2011.10.09"]
[Round "2.5"]
[White "Jusko, Jozef"]
[Black "Foglar, Ivan"]
[Result "0-1"]
[WhiteElo "1872"]
[BlackElo "2034"]
[PlyCount "94"]
[EventDate "2011.10.08"]
[EventType "team-tourn"]
[EventRounds "11"]
[EventCountry "SVK"]
[SourceTitle "EXT 2013"]
[Source "ChessBase"]
[SourceDate "2012.11.22"]
[SourceVersion "1"]
[SourceVersionDate "2012.11.22"]
[SourceQuality "1"]
[WhiteTeam "Kosice Slavia UPJS III"]
[BlackTeam "Margecany OSK"]
[WhiteTeamCountry "SVK"]
[BlackTeamCountry "SVK"]

1. f4 e5 2. d3 d6 3. Nf3 Nc6 4. e4 Bg4 5. h3 Bxf3 6. Qxf3 Be7 7. c3 Qd7 8. Be3 Nf6 9. Nd2 d5 10. fxe5 Nxe5 11. Qg3 Ng6 12. 0-0-0 Bd6 13. Qf2 Qa4 14. exd5 0-0 15. Nc4 Qxa2 16. Nxd6 cxd6 17. g4 Nxd5 18. Bg2 Nxe3 19. Qxe3 Rfe8 20. Qd2 Qa1+ 21. Kc2 Qa4+ 22. Kb1 Qb3 23. Rhe1 a5 24. Qc2 Qb6 25. Qa4 Rec8 26. Ka1 Ne5 27. Rd2 Qa6 28. c4 Rab8 29. Bd5 Qb6 30. d4 Nc6 31. Rde2 Qxd4 32. Bxc6 bxc6 33. Qxc6 Kf8 34. Qd7 g6 35. Rf1 Qg7 36. Ref2 Kg8 37. Qxd6 Rb7 38. c5 Rcb8 39. Rb1 Rb4 40. Qd7 Rb3 41. Ka2 a4 42. Qxa4 R3b4 43. Qa7 Qf8 44. Rxf7 Qxf7+ 45. Qxf7+ Kxf7 46. b3 Ke6 47. Ka3 Kd5 0-1

[Event "Kosice Kotan Memorial 3rd"]
[Site "Kosice"]
[Date "2011.06.26"]
[Round "2"]
[White "Jusko, Jozef"]
[Black "Gorbatenko, Kateryna"]
[Result "0-1"]
[WhiteElo "1876"]
[BlackElo "2145"]
[PlyCount "42"]
[EventDate "2011.06.25"]
[EventType "swiss"]
[EventRounds "9"]
[EventCountry "SVK"]
[SourceTitle "EXT 2012"]
[Source "ChessBase"]
[SourceDate "2011.11.24"]
[SourceVersion "1"]
[SourceVersionDate "2011.11.24"]
[SourceQuality "1"]

1. c4 c5 2. Nc3 g6 3. g3 Bg7 4. Bg2 Nc6 5. f4 e5 6. Nh3 Nge7 7. 0-0 d6 8. b3 0-0 9. Rb1 a6 10. a3 Rb8 11. b4 cxb4 12. axb4 b5 13. cxb5 axb5 14. Nd5 Nxd5 15. Bxd5 Bxh3 16. Rf3 Ne7 17. Bb3 Qb6+ 18. Kh1 Bg4 19. Rf1 Bf5 20. Bc2 Qc6+ 21. e4 Bxe4+ 0-1

[Event "Kosice Kotan Memorial 2nd"]
[Site "Kosice"]
[Date "2010.06.26"]
[Round "1"]
[White "Molnar, Peter"]
[Black "Jusko, Jozef"]
[Result "1-0"]
[WhiteElo "2261"]
[BlackElo "1856"]
[PlyCount "63"]
[EventDate "2010.06.26"]
[EventType "swiss"]
[EventRounds "9"]
[EventCountry "SVK"]
[SourceTitle "CBM 137 Extra"]
[Source "ChessBase"]
[SourceDate "2010.09.01"]
[SourceVersion "1"]
[SourceVersionDate "2010.09.01"]
[SourceQuality "1"]

1. d4 f5 2. Nc3 g6 3. e4 fxe4 4. Nxe4 Bg7 5. Nf3 Nf6 6. Ng3 e6 7. Bd3 Nc6 8. h4 0-0 9. h5 Qe8 10. hxg6 hxg6 11. Qe2 Nd5 12. c3 Nce7 13. Bd2 Nf4 14. Bxf4 Rxf4 15. 0-0-0 Rf8 16. Ng5 b6 17. Qe4 d5 18. Qh4 Rf6 19. Rh2 Qa4 20. Rdh1 Rxf2 21. Qh8+ Bxh8 22. Rxh8+ Kg7 23. R1h7+ Kf6 24. N5e4+ dxe4 25. Nxe4+ Kf5 26. Rf7+ Kg4 27. Nxf2+ Kg3 28. Rh3+ Kxg2 29. Be4+ Kf1 30. Rh1+ Ke2 31. Bd3+ Ke3 32. Rh3# 1-0